| 000 | 01183nam a22003497a 4500 | ||
|---|---|---|---|
| 003 | CHAP | ||
| 005 | 20220329143149.0 | ||
| 008 | 060912s2006 it rn 00010 spa d | ||
| 010 | _a92743 | ||
| 011 | _a93715 | ||
| 020 | _a9253054751 | ||
| 035 | _a104295 | ||
| 040 | _cCHAP | ||
| 082 | 0 | 4 |
_a641.30218 _bF26 2006 |
| 110 | 0 |
_aFAO. Comisión del Codex Alimentarius _939482 |
|
| 245 | 1 | 0 |
_aCodex alimentarius : _balimentos producidos orgánicamente _c/por FAO. Comisión del Codex Alimentarius |
| 250 | _a2 ed. | ||
| 260 |
_aRoma : _bFAO, _c2006. |
||
| 300 | _a65 p. | ||
| 490 | _aPrograma conjunto FAO/OMS sobre normas alimentarias | ||
| 590 |
_aBATCH-UPD _b10 _c20130110 _lUCH01 _h1357 |
||
| 590 |
_aBATCH-UPD _b10 _c20130410 _lUCH01 _h0851 |
||
| 590 |
_aBATCH-UPD _b10 _c20130913 _lUCH01 _h2016 |
||
| 590 |
_aCONVERSION _b10 _c20130109 _lUCH01 _h1351 |
||
| 650 | 1 | 4 |
_aAditivos alimenticios. _9907 |
| 650 | 1 | 4 |
_aAlimentos orgánicos. _94316 |
| 830 | 0 |
_aPrograma conjunto FAO/OMS sobre normas alimentarias _992254 |
|
| 901 | _aBK | ||
| 905 | _aAlejandra Carrasco M. | ||
| 942 | _cLIBRO | ||
| 949 |
_a641.30218 F26 2006 _bBC _cFAO _d33724000994406 _eFAO1 _gDonaciØn _h107793 _i104295 _st |
||
| 999 |
_c92743 _d92743 |
||